000 00567nam a2200205Ii 4500
003 JO-AjNU
008 230606s9999||||xx |||||||||||||| ||und||
040 _aJO-AjNU
_beng
_erda
_cJO-AjNU
041 _aeng
050 1 4 _aP129 2012
100 3 _aSharma,R.S تأليف,
_eauthor
_92994
245 0 0 _aApplied Linguistics
250 _a 2 ed
264 3 1 _aNew Delhi:Atlantic,2012
300 _a198p
336 _atext
_btxt
_2rdacontent
337 _aunmediated
_bn
_2rdamedia
338 _avolume
_bnc
_2rdacarrier
650 4 _aApplied Linguistics-Linguistics
_92995
999 _aE1570
_c1570
_d1570